| 000 | 01056nam a2200229Ia 4500 | ||
|---|---|---|---|
| 999 |
_c29542 _d29542 |
||
| 003 | OSt | ||
| 005 | 20211130172132.0 | ||
| 008 | 160316s2011 xxu||||| |||| 00| 0 eng d | ||
| 020 | _a978-0-8213-8689-7 | ||
| 040 | _cNLS | ||
| 082 | _a339.4 WOR | ||
| 100 | _aThe World Bank | ||
| 245 | _aPersctives on poverty in India : Stylized facts from survey data | ||
| 260 |
_aNew Delhi _bOxford University Press _c2011 |
||
| 300 |
_a270p _cxviii |
||
| 365 | _b Rs. 695 | ||
| 505 | _aContents: 1. Consumption Poverty and Growth; 2. Urban Growth and Poverty in Towns of Different Sizes; 3. A Casual Transformation: The Growing; 4. Beyond Consumption Poverty: Nutrition, Health, and Education; 5. Rising Inequality: A Cause for Concern? 6. Social Exclusion: Who Is Being Left Behind? | ||
| 650 | _a1. Poverty - Economic Conditions - India2. Poverty - Social conditions | ||
| 700 |
_a _a |
||
| 856 | _uhttps://openknowledge.worldbank.org/bitstream/handle/10986/2299/574280PUB0Pers1351B0Extop0ID0186890.pdf?sequence=1&isAllowed=y | ||
| 942 |
_2ddc _cBK |
||